Hygienické hodnotenie zdrojov pitnej vody ...

Bibliographic Details
Main Authors: Sasáková Naďa, 1957- (Author), Vargová, M. (Author), Juriš, Peter, 1956- (Author), Papajová, Ingrid (Author), Ondrašovičová, Oľga, 1951-2014 (Author), Ondrašovič, Miloslav, 1947- (Author), Hromada, R. (Author), Veszelits Laktičová, Katarína, 1979- (Author)
Format: Article
Language:Slovak
PhysicalDescription:Obr., tab.
ISSN:1335-0099
Subjects:

MARC

LEADER 00000nab a2200000 a 4500
001 vtls009342163
003 SK-MaSNL
005 20260305032616.0
008 250507c2008 xo |||||||||||000 b|slo
015 |a SNBRB2008/10  |2 snkbucl 
035 |a (uuid)362495ad-e22e-42d5-95b4-ebba00627755 
035 |a urn:nbn:sk:snk-ab13ce 
035 |a (urnnbn)urn:nbn:sk:snk:ar-a03v11 
038 |a SNKBUCL 
040 |a SNKBUCL  |b slo  |c SNKBUCL  |e AACR2 
041 0 |a slo  |b eng  |b slo 
044 |a xo  |c SK 
080 |a 628.1.033:614.777  |x (437.6)  |2 1997 
080 |a 614.777  |x (437.6)  |2 1997 
245 0 0 |a Hygienické hodnotenie zdrojov pitnej vody ...  |c N. Sasáková ... [et al.] 
300 |b Obr., tab. 
546 |a Res. angl., slov. 
650 0 7 |a hygiena vody  |2 snkbucl  |9 31215 
650 0 7 |a studne  |2 snkbucl  |9 15252 
650 0 7 |a pitná voda  |2 snkbucl  |9 69061 
650 0 7 |a mikrobiologické vlastnosti vody  |2 snkbucl  |9 1612118 
650 0 7 |a chemické vlastnosti  |2 snkbucl  |9 162444 
651 7 |a Spišská Nová Ves (Slovensko : okres)  |2 snkbucl  |9 22259 
700 1 |a Sasáková Naďa,  |d 1957-  |4 aut  |9 235618 
700 1 |a Vargová, M.  |4 aut  |9 286671 
700 1 |a Juriš, Peter,  |d 1956-  |4 aut  |9 12993 
700 1 |a Papajová, Ingrid  |4 aut  |9 20363 
700 1 |a Ondrašovičová, Oľga,  |d 1951-2014  |4 aut  |9 194466 
700 1 |a Ondrašovič, Miloslav,  |d 1947-  |4 aut  |9 108842 
700 1 |a Hromada, R.  |4 aut  |9 399294 
700 1 |a Veszelits Laktičová, Katarína,  |d 1979-  |4 aut  |9 197818 
773 0 |t Slovenský veterinársky časopis = Slovak veterinary journal  |g Roč. XXXIII, č. 4 (2008), s. 255-258  |x 1335-0099 
850 |a Slovenská národná knižnica 
852 |a Slovenská národná knižnica 
954 |a odborná, vedecká literatúra pôvodná (slovenská)  |2 lita 
958 |a article27 
958 |a SK 
958 |a MI 
958 |a OND 
958 |a EUIPO 
999 |c 3320833  |d 3322763